Chelsea 20/21 quiz - Statistics

General Stats
  • This quiz has been taken 49 times
  • The average score is 10 of 15
Answer Stats
Question Answer % Correct
Who scored a hat-trick vs Barnsley? Havertz
93%
Who missed the decisive penalty in the shootout against Tottenham? Mount
91%
What trophy did Chelsea win in 20/21 campaign? Champions League
84%
Who scored the first goal of the season? Jorginho
78%
Who assisted the most goals for Chelsea in the 20/21 campaign? Werner
71%
Who did Chelsea play against in Thomas Tuchel's first game as manager? Wolves
69%
Who scored the winner in the FA Cup semi final against Man City? Ziyech
67%
Who scored a late goal in the second leg against Atletico Madrid to send Chelsea through to the quarter finals of the Champions League? Emerson
64%
Who did Chelsea play in the first game of the season? Brighton
62%
Who got sent off vs Liverpool? Christensen
60%
Who scored Chelsea's last premier league goal of the 20/21 season? Chilwell
58%
Against which team did Chelsea start their 20/21 UCL campaign? Sevilla
58%
Which team did Thiago Silva score his first Chelsea goal against? Sheffield United
53%
Which player wore the number 23 shirt? Gilmour
47%
Who did Chelsea play against in Frank Lampard's final game as manager? Luton
36%
No matching quizzes found
Score Distribution
Percent of People with Each Score
Percentile by Number Answered
Your Score History
You have not taken this quiz